Introduction to Business Enterprise. (Record no. 1939)

MARC details
005 - DATE AND TIME OF LATEST TRANSACTION
control field 20250505133306.0
020 ## - INTERNATIONAL STANDARD BOOK NUMBER
International Standard Book Number 07-033475-7
082 ## - DEWEY DECIMAL CLASSIFICATION NUMBER
Classification number 658.04 KEI
100 ## - MAIN ENTRY--PERSONAL NAME
Author name KEITH, L. M.
245 ## - TITLE STATEMENT
Title Introduction to Business Enterprise.
250 ## - EDITION STATEMENT
Edition statement 3rd Ed
260 ## - PUBLICATION, DISTRIBUTION, ETC.
Place of publication, distribution, etc. New York,
Name of publisher, distributor, etc. McGraw- Hill,
Date of publication, distribution, etc. 1971.
300 ## - PHYSICAL DESCRIPTION
Extent Viii, 613p.: ill.; figure, table
Other physical details Index
Dimensions 23cm.
700 ## - ADDED ENTRY--PERSONAL NAME
Other authors/Editors GUBELLINI, C. E.
942 ## - ADDED ENTRY ELEMENTS (KOHA)
Source of classification or shelving scheme Dewey Decimal Classification
Koha item type Books
Holdings
Date last seen Total checkouts Full call number Barcode Cost, replacement price Price effective from Koha item type Lost status Source of classification or shelving scheme Damaged status Not for loan Withdrawn status Home library Current library Shelving location Date acquired Cost, normal purchase price
05/05/2025   658.04 KEI 0000007497 30000.00 05/05/2025 Books   Dewey Decimal Classification       College of Business Education Main Library College of Business Education Main Library General Collection 02/21/1997 10000.00